| 000 | 01107nam a2200361Ia 4500 | ||
|---|---|---|---|
| 001 | dia_264 | ||
| 003 | CHAP | ||
| 005 | 20230323183141.0 | ||
| 008 | 220117s1993 xx 000 0 und d | ||
| 010 | _a170817 | ||
| 020 | _a84-200-0734-X | ||
| 040 | _cCHAP | ||
| 082 | _a576.163 F73 1993 | ||
| 100 |
_aFrazier, W. C. _943092 |
||
| 245 |
_aMicrobiología de los alimentos / _c W.C. Frazier y D.C. Westhoff ; traducción Manuel Rami Vergés |
||
| 250 | _a4a ed. | ||
| 260 |
_aEspaña : _b Acribia, _c1993 |
||
| 300 | _axvi, 681 p. | ||
| 500 | _aTítulo original: Food Microbiology | ||
| 503 | _aI. 211186 | ||
| 504 | _aIncluye bibliografías | ||
| 590 | _aQR115 F73 1993 | ||
| 650 |
_aFood microbiology _9147891 |
||
| 650 |
_aFood preservation _9147450 |
||
| 650 | _aMicrobiología alimentaria | ||
| 650 |
_aPreservación de alimentos _9144378 |
||
| 700 |
_aRami Vergés, Manuel, tr. _9148002 |
||
| 700 |
_aWesthoff, D. C. _9148003 |
||
| 901 | _a576.163 F73 1993 | ||
| 902 | _aM | ||
| 905 | _a5232271993 sp amn 8222223322spa16 | ||
| 942 |
_cLIBRO _2ddc |
||
| 999 |
_c170817 _d170817 |
||